| 000 | 00482nam a2200193Ia 4500 | ||
|---|---|---|---|
| 003 | GCL | ||
| 008 | 140319s9999 xx 000 0 eng d | ||
| 020 | _a1578516005 | ||
| 040 |
_aGCL / _cGCL |
||
| 082 | 0 | 4 |
_a658.8 _bK M |
| 100 | 1 | _aJAIN, D.K | |
| 700 | 1 | _aKOLTER, PHILIP | |
| 260 |
_aنيويورك : _bHARVARD BUSINESS REVIEW ، _c2002 |
||
| 300 |
_a24 CM ؛ _c197 P |
||
| 650 | 0 | 4 | _aMARKETING |
| 650 | 0 | 4 | _aMARKETING - MANAGEMENT |
| 650 | 0 | 4 | _aTELEMARKETING |
| 942 |
_2ddc _cBK |
||
| 999 |
_c5727 _d5727 |
||